Συμμαχική πολιτική και στρατιωτικές επεμβάσεις : ο πολιτικός ρόλος των Ελλήνων στρατιωτικών
Αποθηκεύτηκε σε:
| Κύριος συγγραφέας: | |
|---|---|
| Μορφή: | Βιβλίο |
| Γλώσσα: | Greek |
| Δημοσίευση: |
Αθήνα :
Παπαζήσης,
1979
|
| Θέματα: | |
| Ετικέτες: |
Προσθήκη ετικέτας
Δεν υπάρχουν, Καταχωρήστε ετικέτα πρώτοι!
|
MARC
| LEADER | 00000nam a2200000 i 4500 | ||
|---|---|---|---|
| 001 | 1/41272 | ||
| 008 | 960422s1979 gre d | ||
| 035 | |l 10025383 | ||
| 040 | |a GR-MY-UA |b gre |e aacr | ||
| 041 | 0 | |a gre | |
| 082 | 0 | |a 322.509495 | |
| 100 | 1 | |a Σταύρου, Νικόλαος A. | |
| 245 | 1 | 0 | |a Συμμαχική πολιτική και στρατιωτικές επεμβάσεις : |b ο πολιτικός ρόλος των Ελλήνων στρατιωτικών / |c Ν.Σταύρου |
| 260 | |a Αθήνα : |b Παπαζήσης, |c 1979 | ||
| 300 | |a 242 σ. | ||
| 650 | 0 | 0 | |a Armies |z Greece. |
| 651 | 0 | |a Greece |x Politics and government |y 1935-1967. | |
| 852 | |a INST |b CHIOS |e 19960422 |h 322.509495 ΣΤΑ |p 005200006039 |q 005200006039 |t BK |y 0 | ||
| 909 | |a Χ |b 000513 | ||